000
00232nam a22000977a 4500
999
_c
16272
_d
16272
003
OSt
008
200629b ||||| |||| 00| 0 eng d
100
_a
Hanumappa Ramappa Arakeri
_9
4662
245
_a
Soil Management in India
942
_c
BK